Countermeasures That Work:a highway safety countermeasure guide for state highway safety offices / (Record no. 2333)
[ view plain ]
| 000 -LEADER | |
|---|---|
| fixed length control field | 00312 a2200097 4500 |
| 082 ## - DEWEY DECIMAL CLASSIFICATION NUMBER | |
| Classification number | 363.125 COU |
| 245 ## - TITLE STATEMENT | |
| Title | Countermeasures That Work:a highway safety countermeasure guide for state highway safety offices / |
| Statement of responsibility, etc. | NHTSA |
| 250 ## - EDITION STATEMENT | |
| Edition statement | 5th.ed. |
| 260 ## - PUBLICATION, DISTRIBUTION, ETC. | |
| Place of publication, distribution, etc. | Washington: |
| Date of publication, distribution, etc. | NHTSA, |
| Name of publisher, distributor, etc. | 2010 |
| 300 ## - PHYSICAL DESCRIPTION | |
| Extent | variouse pages : |
| Dimensions | 27cm |
| 650 ## - SUBJECT ADDED ENTRY--TOPICAL TERM | |
| Topical term or geographic name entry element | highway safety |
| Withdrawn status | Lost status | Damaged status | Not for loan | Permanent Location | Current Location | Shelving location | Date acquired | Total Checkouts | Full call number | Barcode | Date last seen | Price effective from | Koha item type |
|---|---|---|---|---|---|---|---|---|---|---|---|---|---|
| School of Civil and Environmental Engineering (SCEE) | School of Civil and Environmental Engineering (SCEE) | 363.125 COU | NIT-7051 | 01/05/2017 | 01/05/2017 | Book |
